Drones και προστασία της ιδιωτικότητας : πτυχιακή εργασία
Σκοπός της συγκεκριμένης διπλωματικής εργασίας είναι η ανάλυση της επίδρασης των drones στη σημερινή κοινωνία. Ta drones είναι αεροσκάφη που δεν εχουν πιλοτο. Ειναι απαραίτητο να καταγραφούν τα χαρακτηριστικά τους, οι σκοποί για τους οποίους αυτά χρησιμοποιούνται και οι επιδράσεις οι οποίες μπορούν...
Αποθηκεύτηκε σε:
| Κύριος συγγραφέας: | |
|---|---|
| Συγγραφή απο Οργανισμό/Αρχή: | |
| Άλλοι συγγραφείς: | |
| Μορφή: | Thesis Βιβλίο |
| Γλώσσα: | Greek |
| Δημοσίευση: |
2015.
|
| Θέματα: | |
| Διαθέσιμο Online: | http://hdl.handle.net/11610/8871 |
| Ετικέτες: |
Προσθήκη ετικέτας
Δεν υπάρχουν, Καταχωρήστε ετικέτα πρώτοι!
|
MARC
| LEADER | 00000cam a2200000 a 4500 | ||
|---|---|---|---|
| 001 | 1/111154 | ||
| 008 | 160622s2015####gr | ||| |||| ||gre|| | ||
| 040 | |a GR-MyUa |b gre |c GR-MyUa |e AACR2 | ||
| 041 | 0 | |a gre | |
| 082 | 7 | |a 629.1326 |2 (23) | |
| 100 | 1 | |a Δήμα, Μαρία. | |
| 245 | 1 | 0 | |a Drones και προστασία της ιδιωτικότητας : |b πτυχιακή εργασία / |c Μαρία Δήμα ; επιβλέπουσα καθηγήτρια Λίλιαν Μήτρου. |
| 260 | |c 2015. | ||
| 300 | |a 67 σ. : |b εικ., πιν. ; |c 30 εκ. | ||
| 500 | |a Μέλη της εξεταστικής επιτροπής: Μήτρου Λίλιαν, Ριζομυλιώτης Παναγιώτης, Καρύδα Μαρία. | ||
| 502 | |a Πτυχιακή εργασία - Πανεπιστήμιο Αιγαίου, Σάμος, 2015. | ||
| 504 | |a Βιβλιογραφία: σ. 66-67. | ||
| 506 | 1 | |a Διάθεση ΜΟΝΟ Λέξεων Κλειδιών - Περιλήψεων. | |
| 520 | 8 | |a Σκοπός της συγκεκριμένης διπλωματικής εργασίας είναι η ανάλυση της επίδρασης των drones στη σημερινή κοινωνία. Ta drones είναι αεροσκάφη που δεν εχουν πιλοτο. Ειναι απαραίτητο να καταγραφούν τα χαρακτηριστικά τους, οι σκοποί για τους οποίους αυτά χρησιμοποιούνται και οι επιδράσεις οι οποίες μπορούν να προκύψουν από αυτά κυρίως στον τομέα που αφορά θέματα προστασίας της ιδιωτικότητας. | |
| 520 | 8 | |a The purpose of this paper is the analysis of the drones' impact on today's society.Drones are unmanned aircraft. It's necessary to write down their characteristics, their main uses and the impacts that may come from that especially as far as it concerns privacy matters. | |
| 650 | 0 | |a Drone aircraft. | |
| 650 | 0 | |a Privacy, Right of. | |
| 650 | 0 | |a Dissertations, Academic |z Greece. | |
| 700 | 1 | |a Μήτρου, Λίλιαν, |e dgsf [Επιβλέπουσα καθηγήτρια] | |
| 710 | 2 | |a Πανεπιστήμιο Αιγαίου. |b Σχολή Θετικών Επιστημών. |b Τμήμα Μηχανικών Πληροφοριακών και Επικοινωνιακών Συστημάτων. | |
| 852 | |a INST |b SAMOS |c DIATR |e 20160622 |h 629.1326 ΔΗΜ |p 005300043634 |q 005300043634 |t DIE |y 23 | ||
| 856 | |u http://hdl.handle.net/11610/8871 | ||
| 924 | |a Δήμα |b Μαρία |y Σάμος |z 2015-11 | ||
| 970 | |a Κοσιέρης |b Χρήστος |z 22-06-2016 | ||